| 000 | 01146cam a2200217 4500 | ||
|---|---|---|---|
| 001 | WB3742-21 | ||
| 008 | 011108n2001 000 0 eng u | ||
| 035 | _a(Sirsi) u115532 | ||
| 245 | _aFairer deal for private tenants | ||
| 260 | _c2001 | ||
| 490 |
_aOFT Press Release _v(44) 6 November 2001, (2) |
||
| 520 | _aThe Office of Fair Trading has published guidance promoting clearer and fairer agreements between landlords and tenants. The guidance follows consultation with government departments, consumer groups, tenant representatives and representatives from the private rental sector. It is aimed at landlords, letting agents and housing advisors, as well as organisations that publish standard tenancy agreements in England and Wales. "Guidance on Unfair Terms in Tenancy Agreements" is available at: http://www.oft.gov.uk/html/rsearch/reports/oft356.htm | ||
| 590 | _aWB | ||
| 650 | _aOFT | ||
| 650 | _aGUIDANCE | ||
| 650 | _aTENANCY AGREEMENTS | ||
| 650 | _aPRIVATE TENANTS | ||
| 650 | _aUNFAIR CONTRACT TERMS | ||
| 690 | _aPROPERTY-RESIDENTIAL PROPERTY-RESIDENTIAL LANDLORD AND TENANT-RESIDENTIAL TENANCIES | ||
| 942 | _n0 | ||
| 999 |
_c68814 _d68814 |
||